<?xml version="1.0" encoding="UTF-8"?>
<collection xmlns="http://www.loc.gov/MARC21/slim">
 <record>
  <leader>01119nam a2200169 a 4500</leader>
  <controlfield tag="001">1/46147</controlfield>
  <controlfield tag="008">160225s1932    gr            00010 gre  </controlfield>
  <datafield tag="035" ind1=" " ind2=" ">
   <subfield code="l">49121</subfield>
  </datafield>
  <datafield tag="040" ind1=" " ind2=" ">
   <subfield code="a">GR-PeUP</subfield>
  </datafield>
  <datafield tag="082" ind1="0" ind2="0">
   <subfield code="a">636.2 ΖΥΓ</subfield>
  </datafield>
  <datafield tag="100" ind1="1" ind2=" ">
   <subfield code="a">Ζυγούρης, Νικόλαος Π.</subfield>
  </datafield>
  <datafield tag="245" ind1="1" ind2="2">
   <subfield code="a">Η βιομηχανία του γάλακτος :</subfield>
   <subfield code="b">ιστορικά - οργάνωσις της γαλακτοκομίας - μελέτη του γάλακτος και των προϊόντων του - διάφοροι τρόποι εκμεταλλεύσεως του γάλακτος - παθήσεις γάλακτος, βουτύρου, τυρών κλπ. /</subfield>
   <subfield code="c">Νικολάου Π. Ζυγούρη.</subfield>
  </datafield>
  <datafield tag="260" ind1="0" ind2=" ">
   <subfield code="a">Εν Ιωαννίνοις :</subfield>
   <subfield code="b">Τύποις &quot;Ερμής&quot;,</subfield>
   <subfield code="c">1932.</subfield>
  </datafield>
  <datafield tag="300" ind1=" " ind2=" ">
   <subfield code="a">555 σ. :</subfield>
   <subfield code="b">εικ., πίν., διαγρ. ;</subfield>
   <subfield code="c">24 εκ.</subfield>
  </datafield>
  <datafield tag="650" ind1=" " ind2="4">
   <subfield code="a">Dairy products industry</subfield>
   <subfield code="z">Greece.</subfield>
  </datafield>
  <datafield tag="650" ind1=" " ind2="4">
   <subfield code="a">Γαλακτοκομικά προϊόντα</subfield>
   <subfield code="x">Βιομηχανία και εμπόριο</subfield>
   <subfield code="z">Ελλάδα.</subfield>
  </datafield>
  <datafield tag="852" ind1=" " ind2=" ">
   <subfield code="a">INST</subfield>
   <subfield code="b">UNIPILB</subfield>
   <subfield code="c">MAIN</subfield>
   <subfield code="e">20160225</subfield>
   <subfield code="h">636.2 ΖΥΓ</subfield>
   <subfield code="p">00173727</subfield>
   <subfield code="q">00173727</subfield>
   <subfield code="t">CLOCOL</subfield>
   <subfield code="y">23</subfield>
   <subfield code="4">1</subfield>
  </datafield>
 </record>
</collection>
